00219nam a2200097Ia 4500008004100000041001200041100001400053245004100067260000600108650000700114221030s9999 xx 000 0 und d aEnglish aA. Kahate 0aInformation Technologycby A. Kahate c0 aMc